| 000 | 00493cam a22001217a 4500 | ||
|---|---|---|---|
| 008 | 180718b1972 xxu||||| |||| 00| 0 eng d | ||
| 082 | _aA81x54 In2/71/6/PT10A&B/A | ||
| 100 | _aCensus of India 1971 | ||
| 245 | _aHaryana district census handbook, Ambala: village and town directory, village and townwise primary census abstract | ||
| 260 |
_aChandigarh _bThe Controller, Printing and Stationery _c1972 |
||
| 300 | _a228+p. | ||
| 440 | _aCensus of India 1971. Series-6, Haryana. Part X-A & Part X-B | ||
| 999 |
_c485040 _d485040 |
||